1536 1354 1368 1728 1666 1998 1589 1435 1098 1723 1540 1241 1642 1067 1038 1389 1897 1667 1652 1776 1494 1267 1465 1659 1819 1844 1805 1489 1836 1221 1718 1449 1353 1879 1511 1322 1428 1088 1291 1456 1128 1468 1386 1379 1513 1096 1211 1845 1663 1569 1378 1179 1480 1699 1014 1881 1454 1075 1305 1061 1056 1048 1705 1832 1617 1541 1291 1801 1989 1543 1654 1145 1773 1948 1677 1896 1168 1001 1837 1239 1233 1449 1501 1296 1749 1492 1262 1510 1860 1112 1467 1270 1952 1508 1103 1243 1528 1863 1942 BCNSPRNW ULIB Ver.6.0+V

เปลี่ยนเป็นภาษาไทย

Change to English
 แสดงรายละเอียดบรรณานุกรม
  กลับหน้าหลัก

Brief Record : Get Marc (ISO 2709) : E-mail record : QR code < ปิดหน้าต่าง
LEADER : 00000nam 2200000uu 4500
001    13399121468
003     ULIB
008    121120s2546||||th 000 0 tha d
020    ^a9789749161562
090    ^aรส^bศ175ก 2546
100 0  ^aศรีดาวเรือง
245 10 ^aแก้วหยดเดียว /^cศรีดาวเรือง
250    ^aพิมพ์ครั้งที่ 3
260    ^aกรุงเทพฯ :^bมูลนิธิสถาบันวิชาการ 14 ตุลา,^c2546
300    ^a209 หน้า ;^c21 ซม.
490 0  ^aหนังสือชุด''ตุลาวรรณกรรม''
500    ^aฉลองครบรอบ 30 ปี 14 ตุลา : 2516-2546 ร่วมวาระประวัติศาสตร์''''วัน 14 ตุลา ประชาธิปไตย''''
650  4 ^aเรื่องสั้นไทย
710 2  ^aมูลนิธิสถาบันวิชาการ 14 ตุลา
945    ^p0^l0^i14371
995    ^aกัณชพร
999    ^aกัณชพร
รายการนี้ยังไม่มีแท็ก
คุณยังไม่ได้ล็อกอิน คุณสามารถมีกิจกรรมร่วมกับเว็บไซต์ได้ แต่ต้องล็อกอินก่อน ::
  ล็อกอิน

รายการสื่อสารสนเทศ

ลำดับที่ ประเภท เลขเรียก/บาร์โค้ด สถานที่ สถานะ
1. นวนิยาย
นวนิยาย
รส ศ175ก 2546  
  Barcode: 14371
ห้องสมุดวิทยาเขตสวรรค์ประชารักษ์
►นวนิยาย
บนชั้น
  ขอยืม

รายการใกล้เคียง
    หัวเรื่อง [เรื่องสั้นไทย]

BibComment


ยังไม่เคยถูกคอมเมนท์

คอมเมนท์ทรัพยากรรายการนี้
  คอมเมนท์: แก้วหยดเดียว ศร..


 Copyright 2026. Bcnsprnw @Library